000 00347nam a2200157Ia 4500
008 230711s9999||||xx |||||||||||||| ||und||
041 _aENG
082 _a800
_bBY-S
100 _aByrne,Rhonda
245 4 _aThe secret
250 _a1st . Ed.
260 _c2004
_aNew Delhi
_bPenguin Books
300 _a580
650 _aLiterature
942 _cBK
999 _c5325
_d5325